| 000 | 00000nam 2200000za 4500 |
| 001 | 9.822181 |
| 003 | CaOODSP |
| 005 | 20221107143630 |
| 007 | cr ||||||||||| |
| 008 | 160808s2010 onc||||#o f00| 0 fre d |
| 040 | |aCaOODSP|bfre |
| 043 | |an-cn--- |
| 086 | 1 |aCH44-159/2004F-PDF |
| 245 | 00|aGuide des éditeurs de magazines à faible tirage - comment expédier votre publication.|h[ressource électronique] |
| 260 | |a[Ottawa] : |bPatrimoine canadien, |c[2004]. |
| 300 | |a37 p. , 5 p. |
| 500 | |aPublié aussi en anglais sous le titre : The small publisher's guide to mailing your publication. |
| 520 | 2 |a«Le présent guide a été élaboré pour faciliter l’utilisation du service de Poste-publicationsmc de Postes Canada par les employés et bénévoles submergés de travail qui oeuvrent pour des magazines à faible tirage manquant de main-d’oeuvre. Il a été conçu du point de vue d’un éditeur, comme un outil destiné aux magazines.» - introduction. |
| 692 | 07|2gccst|aÉdition |
| 692 | 07|2gccst|aPublication en série |
| 692 | 07|2gccst|aIndustrie culturelle |
| 710 | 1 |aCanada. |bPatrimoine canadien. |
| 775 | 08|tThe small publisher's guide to mailing your publication |w(CaOODSP)9.822178 |
| 856 | 40|qPDF|s2.20 Mo|uhttps://publications.gc.ca/collections/collection_2016/pch/CH44-159-2004-fra.pdf |